000 00816nam a22002417a 4500
003 OSt
005 20230719141119.0
008 221006b |||||||| |||| 00| 0 eng d
040 _cBiblioteca Lado V
082 _a700
_bR763p
100 _9903
_aRomero, Luis
_eeditor
245 _aPulgar 24/
_bPublicación Ocasional/
260 _c2009
_bPRINCE CLAUS FOUND
_aVenezuela
300 _c21x27cm
_a28p.
490 _a1
_v10
650 _2Tesauro de Arte & Arquitectura
_aARTE
650 _2Tesauro de Arte & Arquitectura
_aFOTOGRAFIA
_9702
650 _2Tesauro de Arte & Arquitectura
_aCULTURA
_9702
650 _2Tesauro de Arte & Arquitectura
_aEXPOSICIONES
650 _2Tesauro de Arte & Arquitectura
_aESPAÑOL
710 _aFundación LA LLAMA
_eeditor
942 _2ddc
_c1
_h700
_iR763p
_n0
999 _c4070
_d4070